01291nam a2200313 a 4500001001200000003000800012006001900020007001500039008004100054010001700095020004000112040002100152035002100173050002300194082001800217100002200235245016000257260003900417300001400456504006600470533015200536650002600688650003800714650003800752655002900790710001700819856012600836999001500962ebr10002040CaPaEBRm u cr cn|||||||||950630s1996 ctu sb 001 0 eng  z 95034441  z0275953769 (hardcover : alk. paper) aCaPaEBRcCaPaEBR a(OCoLC)23216086614aHG540b.S65 1996eb04a332.4/9732201 aSolomon, Lewis D.10aRethinking our centralized monetary systemh[electronic resource] :bthe case for a system of local currencies /cLewis D. Solomon ; foreword by Bob Swann. aWestport, Conn. :bPraeger,c1996. ax, 167 p. aIncludes bibliographical references (p. [153]-161) and index. aElectronic reproduction.bPalo Alto, Calif. :cebrary,d2013.nAvailable via World Wide Web.nAccess may be limited to ebrary affiliated libraries. 0aMoneyzUnited States. 0aCurrency questionzUnited States. 0aBanks and bankingzUnited States. 7aElectronic books.2local2 aebrary, Inc.40uhttp://site.ebrary.com/lib/rucke/Doc?id=10002040zAn electronic book accessible through the World Wide Web; click to view c5344d5344